000 02071nam a2200337 c 4500
003 BLK
005 20180422120302.0
008 180411b bul|||||r ||||||| ||bul||
010 _aKNG00208102000
040 _aBLK
041 _aBUL
_cBUL
080 _aОрганизация на обучението в средните училища. Подразделя се като 371
_b373.51
_x
_z373.51
100 1 _aКотова, Искра Стоянова
_eпърви автор
_9363742
700 1 _aКотова, Искра Стоянова
_eпод ред. на
_9363742
139 _aИнтегрални структури в учебното съдържание на средното училище
_bИ 72
245 1 0 _aИнтегрални структури в учебното съдържание на средното училище
_bХуманитарно направление : Изследване
_cИскра Стоянова Котова; под ред. на Искра Стоянова Котова.
257 _aBGR
260 София
_bНар. просв.
_c1990
_fХасково : Ат. Стратиев
300 _a384 с.
_bс табл., сх.
_c21 см
380 _a3
500 _aДруги авт. : Р. Генков, З. Захариев, Св. Кръстева, Р. Кушева, Т. Владимирова, П. Дражев, Р. Пенкова, Р. Пъндева, Й. Симеонова, П. Стефанова, Н. Танчев, Т. Цингилев, отбелязани на гърба на загл. с. - Авт. Р. Пъндева известна като Радост Симеонова Цанева.
650 4 _aУчебен процес - в средните училища - организация
_9348394
650 4 _aСредни училища
_9272500
653 _aсредни училища
653 _aучебен процес
852 _aЦб 162303
856 4 _qpdf
_u
856 4 _qpdf
_u
942 _cKNG
_n0
944 _aCR
_c16.06.2017
_kТеодора_Стоянова
944 _aED
_c16.06.2017
_kТеодора_Стоянова
999 _c198752
_d198752